| 000 | 00660nam a2200205Ia 4500 | ||
|---|---|---|---|
| 008 | 220705s9999||||xx |||||||||||||| ||und|| | ||
| 020 | _a978-3-030-98988-0 | ||
| 020 | _a978-3-030-98989-7 | ||
| 040 | _cSpringer | ||
| 041 | _aENG | ||
| 100 | _a Agnes Erben | ||
| 100 | _a Martina Buchhauser | ||
| 100 | _a Sven Steinert | ||
| 100 | _aStefan Aichbauer | ||
| 245 | 0 | _aTowards the “Perfect” Weather Warning | |
| 260 |
_bSpringer International Publishing _c2022 |
||
| 650 | _aEarth and Environmental Science | ||
| 856 |
_fhttps://doi.org/10.1007/978-3-030-98989-7 _uhttps://link.springer.com/openurl?genre=book&isbn=978-3-030-98989-7 |
||
| 942 | _cEBK | ||
| 999 |
_c77490 _d77490 |
||